Movies Quiz

Random Movies or Director Quiz

Fernando Meirelles Casts Quiz Stats

 Plays Quiz not verified by Sporcle

Challenge
Share
Tweet
Embed
Score 0/14 Timer 06:00
0 Plays Today
Movie in which appears Actor/Actress % Correct
BlindnessJulianne Moore
78.6%
The Constant GardenerRalph Fiennes
78.6%
360; The Constant GardenerRachel Weisz
71.4%
360Anthony Hopkins
64.3%
360Jude Law
64.3%
BlindnessDanny Glover
50%
BlindnessGael García Bernal
50%
Movie in which appears Actor/Actress % Correct
BlindnessMark Ruffalo
50%
The Constant GardenerPete Postlethwaite
35.7%
Blindness; City of GodAlice Braga
35.7%
360Ben Foster
35.7%
The Constant GardenerBill Nighy
28.6%
BlindnessSandra Oh
28.6%
360Marianne Jean-Baptiste
21.4%

You're not logged in!

Compare scores with friends on all Sporcle quizzes.
Join for Free
OR
Log In

You Might Also Like...

Show Comments

Extras

Top Quizzes Today


Score Distribution

Your Account Isn't Verified!

In order to create a playlist on Sporcle, you need to verify the email address you used during registration. Go to your Sporcle Settings to finish the process.

Report this User

Report this user for behavior that violates our Community Guidelines.

Details: